LEADER 01587nam a2200349 i 4500 001 000000134709 003 CaOOAMICUS 005 20160316000000.0 008 160316s2002 it u000 u mul u 013 $a107885 020 $a88-452-9210-X 040 $aSeMil$bita 245 10$aEpicurea :$btesti di Epicuro e testimonianze epicuree nella raccolta di Hermann Usener /$ctraduzione e note di Ilaria Ramelli ; presentazione di Giovanni Reale. 260 $aMilano :$bBompiani,$c2002. 300 $aXIV, 897 p. ;$c22 cm. 490 0 $aIl pensiero occidentale 500 $aTesto greco e latino a fronte. 650 4$aEpicureismo.$0(OLS)http://semarc/subject/5597 650 4$aEpicuro - Opere.$0(OLS)http://semarc/subject/24354 700 1 $aUsener, Hermann.$0(OLS)http://semarc/name/55094 700 1 $aReale, Giovanni,$d<1931-2014>.$0(OLS)http://semarc/name/74 700 1 $aRamelli, Ilaria,$d<1973- >.$0(OLS)http://semarc/name/43046 700 0 $aEpicurus,$d<341-270 a.C.>.$0(OLS)http://semarc/name/35766 830 0$aBompiani Il pensiero occidentale.$0(OLS)http://semarc/title/10111 850 $aSeMil 852 $aSeMil$W1$xVenegono$y1$m2OA II 441$j88420$B88420$CSeMilBibl$Z2$F92735 $81 900 0 $aEpicuro. 961 $aAcquisto: Àncora (Libreria) 996 $6020$a88-452-9210-X$9(OLS)http://semarc/number/121971 996 $6245$aEpicurea :$btesti di Epicuro e testimonianze epicuree nella raccolta di Hermann Usener$9(OLS)http://semarc/title/197110 996 $6260$aMilano :$bBompiani$9(OLS)http://semarc/publisher/29706 LEADER 01503nam a2200265 i 4500 001 000000118370 003 CaOOAMICUS 005 20030926000000.0 008 030926n fr u000 u fre u 013 $a91063 040 $aSeMil$bita 100 1 $aMaheut, Philippe.$0(OLS)http://semarc/name/49417 245 13$aUn evêque et son peuple face à la Parole de Dieu :$bétude des «programmes pastoraux» du Cardinal Martini, archevêque de Milan /$cmemoire de maitrise en theologie par Philippe Maheut ; directeur Hervé Legrand ; 2d lecteur Jean Joncheray. 260 $a[S.l. :$bs.n.,$c1992] 300 $a163 c. ;$c30 cm. 500 $aContiene : Bibliographie. - In testa al front. : Institut Catholique de Paris. - In mezzo al front. : Présenté au Jury des Maîtrises ... . - A piè del front. : Juin 1992. - Fondo Card. C.M. Martini. 600 14$aMartini, Carlo Maria .$0(OLS)http://semarc/subject/8972 700 1 $aJoncheray, Jean.$0(OLS)http://semarc/name/37815 700 1 $aLegrand, Hervé,$c.$0(OLS)http://semarc/name/90345 850 $aSeMil 852 $aSeMil$W1$xVenegono$y1$m4X IV 35$j73686$B73686$CSeMilBibl$Z2$F78507 $8L 941 1 $a4 961 $aOmaggio: Martini Card. Carlo Maria 996 $6245$aUn evêque et son peuple face à la Parole de Dieu :$bétude des «programmes pastoraux» du Cardinal Martini, archevêque de Milan$9(OLS)http://semarc/title/173883 996 $6260$a[S.l. :$bs.n.$9(OLS)http://semarc/publisher/31686